Statistiques concernant Noël dans les arts

Cliquez ici pour prendre le quiz!

Statistiques générales

  • Ce quiz a été pris 239 fois
  • Le résultat moyen est 5 sur 8

Statistiques - réponses

IndiceRéponse% Correct
Célèbre ballet de Piotr Ilitch Tchaïkovski dans lesquelles les jouets d'une petite fille s'animentCasse Noisette
93%
Film français de 1982 avec la troupe du "Splendid" adapté de leur pièce de théâtreLe père Noël est une ordure
87%
Vêtement traditionnellement porté à Noël avec des motifs hivernauxPull
82%
Film dans lequel un personnage malfaisant va "voler Noël"Grinch
81%
Chanson de Mariah Carey diffusée partout au moment de NoëlAll I want for Christmas is you
79%
Compositeur allemand célèbre, auteur d'un Oratorio sur Noël en 6 cantatesJean Sébastien Bach
43%
Ecrivain anglais associé à Noël, auteur du "Chant de Noël"Charles Dickens
37%
Représentation de la naissance de Jésus en peinture, à l'origine de la fête de NoëlNativité
36%

Distribution des résultats

Percentile par nombre de réponses

% des personnes avec chaque résultat

Votre développement - résultats

Vous n’avez pas pris ce quiz